00568 a2200193 45000010006000000050017000060080041000230030015000640400040000790800056001192450045001752500012002202640033002323000019002650410008002841000032002927000028003247000022003526143620260407155905.0260407a1972 arg spa dAR-UNSa-BCEJYS aAR-UNSa-BCEJYSbspacAR-UNSa-BCEJYS a347.4xObligaciones. Contratos. Acuerdos. Convenios10aCompendio de derecho civilpObligaciones a2a. ed. 1aBuenos Aires :bPerrotc1972 a709 p.c22 cm. aspa1 aLlambías, Jorge Joaquín1 aBenegas, Patricio Raffo1 aSassot, Rafael A.